[Event "81st Tata Steel Tienkamp 2019"]
[Site "Wijk aan Zee"]
[Date "2019.01.18"]
[Round "1"]
[White "Beerdsen, Thomas"]
[Black "Vrolijk, Liam"]
[Result "1/2-1/2"]
[WhiteElo "2484"]
[BlackElo "2433"]
[Annotator "RC"]
[PlyCount "43"]
[EventDate "2019.01.12"]
[EventType "tourn"]
[EventCountry "NED"]
[SourceTitle "playchess.com"]
[Source "ChessBase"]
[SourceQuality "1"]
[TimeControl "40/6000+30:20/3000+30:900+30"]

1. e4 e5 2. Bc4 Nf6 3. d3 c6 4. Nf3 d5 5. Bb3 Bb4+ 6. Bd2 Bxd2+ 7. Qxd2 a5 8. a4 dxe4 9. Nxe5 O-O 10. Nc3 exd3 11. O-O-O Na6 12. Nxd3 Bg4 13. f3 Bf5 14. Qg5 Bxd3 15. Rxd3 Qc7 16. Ne4 Nxe4 17. fxe4 Rae8 18. Rf1 Kh8 19. Rh3 Qe7 20. Qh5 Qxe4 21. Qxa5 Re5 22. Qd2 {½-½} 1/2-1/2

[Event "81st Tata Steel Tienkamp 2019"]
[Site "Wijk aan Zee"]
[Date "2019.01.18"]
[Round "1"]
[White "Warmerdam, Max"]
[Black "Brink, Barry"]
[Result "1/2-1/2"]
[WhiteElo "2440"]
[BlackElo "2385"]
[Annotator "TA"]
[PlyCount "122"]
[EventDate "2019.01.12"]
[EventType "tourn"]
[EventCountry "NED"]
[SourceTitle "playchess.com"]
[Source "ChessBase"]
[SourceQuality "1"]

{[%evp 22,122,17,17,23,17,19,20,19,20,22,12,11,12,41,0,0,0,0,0,0,0,0,0,8,9,27,0,0,7,7,0,16,14,23,0,0,0,0,0,0,-114,-114,-82,-78,-214,0,0,0,0,0,0,0,0,0,0,0,0,0,0,0,0,0,0,0,0,0,-104,0,-52,0,0,0,0,0,0,0,0,0,0,0,0,0,0,0,0,0,0,0,0,0,0,0,0,0,0,0,0,0,0,0,0,0]} 1. e4 c5 2. Nf3 e6 3. d4 cxd4 4. Nxd4 Nc6 {[%cal Bb8c6,Bc6a5,Ba5c4][%mdl 32]} 5. Nc3 Qc7 6. Be3 a6 7. Qd2 Nf6 8. f4 {B48: Sicilian: Taimanov: 5 Nc3 Qc7 6 Be3 a6 without Be2} (8. O-O-O Be7 9. f3 b5 10. g4 Nxd4 11. Bxd4 Bb7 12. Kb1 O-O 13. Bd3 b4 14. Ne2 e5 15. Be3 d5 16. g5 Nxe4 17. fxe4 dxe4 {0-1 (48) Amonatov,F (2614)-Inarkiev,E (2693) St Petersburg 2018}) 8... Bb4 9. Bd3 Na5 10. a3 Bxc3 11. Qxc3 Qxc3+ 12. bxc3 {LiveBook: 77 Games} d5 13. exd5 exd5 14. Nb3 Nc4 15. Bd4 Ne4 16. Nc5 $146 Nxc5 17. Bxc5 b6 18. O-O-O bxc5 19. Rhe1+ Be6 {White must now prevent ...0-0.} 20. f5 O-O 21. fxe6 fxe6 22. Rxe6 Rf2 23. Re2 Raf8 24. Rxf2 (24. a4 {is interesting.} Rxe2 25. Bxe2 Ne3 26. Rd2 Rf4 27. Rd3) 24... Rxf2 25. Bxc4 $1 dxc4 $11 {[%mdl 4096] Endgame KR-KR} 26. Rd2 Rf1+ 27. Kb2 Kf7 28. Rd6 Rf2 29. Rxa6 Rxg2 30. h4 Rh2 31. Ra7+ (31. a4 $1 $11 {remains equal.}) 31... Kg6 $17 32. Ra6+ Kh5 $1 33. Ra7 {[#]} (33. a4 $17) 33... Kh6 $2 (33... Rg2 $1 $19 34. a4 Kxh4) 34. a4 $11 {[%cal Ba3a4,Ba4a5,Ba5a6,Ba6a7][%mdl 32]} Rxh4 35. a5 Rf4 36. Rb7 g5 37. a6 Rf6 38. a7 Ra6 39. Kc1 {And now Rb6+! would win.} Ra3 40. Kd2 Kg6 41. Ke3 Rxc3+ 42. Ke4 Ra3 43. c3 h6 44. Re7 {[#]} (44. Rc7 $11 {keeps the balance.}) 44... Ra1 (44... h5 $1 $17 {Threatens to win with ...h4.} 45. Re6+ Kf7) 45. Kf3 (45. Rc7 $11) 45... h5 ({Better is} 45... Kf5 $15 46. Rf7+ Ke6) 46. Rc7 {The position is equal.} Ra3 47. Rc6+ Kg7 48. Rxc5 Rxc3+ 49. Ke4 Ra3 50. Rxg5+ Kh6 51. Rc5 Rxa7 {Hoping for ...Re7+.} 52. Rxc4 Rf7 {...h4 is the strong threat.} 53. Ke3 Kg5 {Strongly threatening ...h4.} 54. Ke2 h4 {aiming for ...h3.} 55. Rc1 h3 56. Rf1 Ra7 (56... h2 $5 57. Rh1 $8 Rc7 $11) 57. Kf2 Kf4 58. Kg1+ Kg3 59. Rb1 Ra3 60. Kh1 Rc3 61. Ra1 Rb3 {Precision: White = 68%, Black = 63%.} 1/2-1/2

[Event "81st Tata Steel Tienkamp 2019"]
[Site "Wijk aan Zee"]
[Date "2019.01.18"]
[Round "1"]
[White "Beukema, Stefan"]
[Black "Kevlishvili, Robby"]
[Result "0-1"]
[WhiteElo "2414"]
[BlackElo "2453"]
[Annotator "RC"]
[PlyCount "78"]
[EventDate "2019.01.12"]
[EventType "tourn"]
[EventCountry "NED"]
[SourceTitle "playchess.com"]
[Source "ChessBase"]
[SourceQuality "1"]
[TimeControl "40/6000+30:20/3000+30:900+30"]

1. e4 c5 2. Nf3 d6 3. d4 cxd4 4. Nxd4 Nf6 5. Nc3 a6 6. h3 e6 7. g4 h6 8. Bg2 Be7 9. O-O O-O 10. Be3 Nc6 11. a4 Nxd4 12. Qxd4 e5 13. Qb6 Qxb6 14. Bxb6 Be6 15. Rfd1 Rac8 16. Rd2 Rc6 17. Be3 Rfc8 18. Rc1 Rc4 19. Rd3 Nd7 20. Bf1 Nc5 21. Rdd1 Rxc3 22. bxc3 Nxa4 23. f3 Nxc3 24. Rd3 b5 25. Ra1 Na4 26. Rd2 Rc3 27. Ba7 Rxf3 28. c4 Rb3 29. cxb5 axb5 30. Bxb5 Rxb5 31. Rxa4 Rb3 32. Kg2 h5 33. Bf2 hxg4 34. Ra8+ Kh7 35. hxg4 Bxg4 36. Ra7 Bf3+ 37. Kh2 Bg5 38. Rxd6 Bf4+ 39. Bg3 Rb1 0-1

[Event "81st Tata Steel Tienkamp 2019"]
[Site "Wijk aan Zee"]
[Date "2019.01.18"]
[Round "1"]
[White "Kosakowski, Jakub"]
[Black "Rapport, Jovana"]
[Result "1/2-1/2"]
[WhiteElo "2404"]
[BlackElo "2375"]
[Annotator "RC"]
[PlyCount "115"]
[EventDate "2019.01.12"]
[EventType "tourn"]
[EventCountry "NED"]
[SourceTitle "playchess.com"]
[Source "ChessBase"]
[SourceQuality "1"]
[TimeControl "40/6000+30:20/3000+30:900+30"]

1. e4 e6 2. d4 d5 3. Nc3 dxe4 4. Nxe4 Bd7 5. Nf3 Bc6 6. Bd3 Nd7 7. O-O Ngf6 8. Ned2 Be7 9. c4 Bxf3 10. Nxf3 O-O 11. b3 c5 12. Bb2 cxd4 13. Nxd4 Qa5 14. a3 Rfd8 15. Bc2 Qh5 16. Qxh5 Nxh5 17. Rad1 g6 18. g3 Ng7 19. Be4 Nc5 20. Bf3 a5 21. b4 axb4 22. axb4 Ra2 23. bxc5 Rxb2 24. c6 bxc6 25. Nxc6 Re8 26. Nxe7+ Rxe7 27. c5 Rb8 28. c6 h5 29. Rd3 Kf8 30. Rfd1 Rc7 31. Kf1 Ne8 32. Rd7 Rbc8 33. Rb1 Nf6 34. Rxc7 Rxc7 35. Rb7 Ne8 36. Ke2 Ke7 37. Kd3 Kd8 38. Kd4 Nd6 39. Rb8+ Rc8 40. Rb1 Rc7 41. Kc5 Nc8 42. Rb7 Ne7 43. Kd6 Nf5+ 44. Ke5 Kc8 45. Be4 Ng7 46. h4 Ne8 47. Rb1 Ra7 48. Kf4 Nd6 49. Bf3 Ra5 50. Ke3 Ra3+ 51. Ke2 e5 52. Bd5 Ra5 53. Rd1 f6 54. Kf1 Kc7 55. Kg2 g5 56. hxg5 fxg5 57. Rd2 h4 58. gxh4 {½-½} 1/2-1/2

[Event "81st Tata Steel Tienkamp 2019"]
[Site "Wijk aan Zee"]
[Date "2019.01.18"]
[Round "1"]
[White "Mamedjarova, Zeinab"]
[Black "Martens, Martin"]
[Result "0-1"]
[WhiteElo "2311"]
[BlackElo "2382"]
[Annotator "RC"]
[PlyCount "74"]
[EventDate "2019.01.12"]
[EventType "tourn"]
[EventCountry "NED"]
[SourceTitle "playchess.com"]
[Source "ChessBase"]
[SourceQuality "1"]
[TimeControl "40/6000+30:20/3000+30:900+30"]

1. d4 Nf6 2. Nf3 e6 3. e3 b6 4. Bd3 Bb7 5. Nbd2 g6 6. e4 d5 7. exd5 Bxd5 8. a4 Bg7 9. a5 O-O 10. O-O Nc6 11. axb6 axb6 12. Rxa8 Qxa8 13. c4 Bxf3 14. Nxf3 Rd8 15. Be3 Ne8 16. Bg5 Rd7 17. Qa1 Qxa1 18. Rxa1 Nxd4 19. Ra8 Kf8 20. Nxd4 Bxd4 21. Bc2 f6 22. Ba4 Re7 23. Bh6+ Kf7 24. b3 g5 25. Rd8 Bc5 26. g4 Bd6 27. Bc6 Ng7 28. Be4 f5 29. gxf5 exf5 30. Bd3 Ne6 31. Rc8 Kg6 32. Bxg5 Kxg5 33. h3 Kf4 34. Kf1 Ng5 35. h4 Nf3 36. Be2 Nd2+ 37. Ke1 Nxb3 0-1

[Event "81st Tata Steel Tienkamp 2019"]
[Site "Wijk aan Zee"]
[Date "2019.01.19"]
[Round "2"]
[White "Kevlishvili, Robby"]
[Black "Mamedjarova, Zeinab"]
[Result "1-0"]
[WhiteElo "2453"]
[BlackElo "2311"]
[Annotator "RC"]
[PlyCount "73"]
[EventDate "2019.01.12"]
[EventType "tourn"]
[EventCountry "NED"]
[SourceTitle "playchess.com"]
[Source "ChessBase"]
[SourceQuality "1"]
[TimeControl "40/6000+30:20/3000+30:900+30"]

1. e4 e5 2. Nf3 Nf6 3. Nxe5 d6 4. Nf3 Nxe4 5. c4 Be7 6. d4 O-O 7. Bd3 d5 8. O-O Nf6 9. Nc3 Nc6 10. cxd5 Nxd5 11. Re1 h6 12. Nxd5 Qxd5 13. Be4 Qd6 14. d5 Nb4 15. a3 f5 16. Bb1 Nxd5 17. Ba2 c6 18. Bf4 Qd8 19. Bxd5+ cxd5 20. Rc1 Bf6 21. Bc7 Qd7 22. Ne5 Bxe5 23. Bxe5 Rf7 24. Rc7 Qe8 25. Bxg7 Be6 26. Rxf7 Qxf7 27. Bxh6 Qf6 28. Bf4 Bf7 29. Be5 Qb6 30. Bd4 Qc6 31. Re3 Re8 32. Rg3+ Bg6 33. h4 f4 34. Rg5 Kf7 35. h5 Be4 36. Rg7+ Kf8 37. Qg4 1-0

[Event "81st Tata Steel Tienkamp 2019"]
[Site "Wijk aan Zee"]
[Date "2019.01.19"]
[Round "2"]
[White "Warmerdam, Max"]
[Black "Kosakowski, Jakub"]
[Result "1-0"]
[WhiteElo "2440"]
[BlackElo "2404"]
[Annotator "TA"]
[PlyCount "167"]
[EventDate "2019.01.12"]
[EventType "tourn"]
[EventCountry "NED"]
[SourceTitle "playchess.com"]
[Source "ChessBase"]
[SourceQuality "1"]

{[%evp 22,167,49,0,11,22,9,-29,-20,-27,-25,-22,1,-28,-26,-22,2,4,4,2,0,0,0,0,6,10,7,0,12,0,54,60,149,120,272,259,305,275,281,273,421,410,375,273,287,264,285,267,259,242,247,145,241,227,359,376,358,360,401,344,377,246,557,557,555,532,557,557,557,557,547,550,539,514,507,479,487,451,406,358,1174,1006,822,1664,1156,1098,2286,2225,1486,954,2132,2135,1968,1968,1714,585,1952,2117,2131,1716,1731,1697,2131,2047,1712,1433,2047,1781,1684,1586,6203,4586,6099,5242,12351,10413,5167,6458,5081,5708,5566,5512,4559,4031,2753,2520,5935,5404,1829,1318,29985,29986,29986,29987,29989,29981,29985,29986,29986,29987,29988,29989,29989,29990,29990,29991,29993,29994]} 1. e4 e5 2. Nf3 Nc6 3. Bb5 a6 4. Ba4 b5 5. Bb3 Na5 6. O-O d6 7. d4 exd4 8. Nxd4 Bb7 9. c4 c5 {C70: Ruy Lopez: 3...a6 4 Ba4, Norwegian and Delayed Schliemann} 10. Nf5 g6 11. Ne3 Bg7 (11... Nf6 12. Nd5 Bg7 13. Nbc3 O-O 14. Bg5 Nxb3 15. axb3 b4 16. Qf3 Nxd5 17. Bxd8 bxc3 18. exd5 cxb2 {1-0 (27) Anand,V (2788)-Mamedyarov,S (2719) Moscow 2009}) 12. Nc3 {LiveBook: 4 Games} Nxb3 13. Qxb3 b4 14. Ncd5 Ne7 $146 ({Predecessor:} 14... Nf6 15. Nxf6+ Bxf6 16. Ng4 Bg7 17. Bf4 O-O 18. Rad1 Bd4 19. Qg3 Re8 20. Bxd6 Rxe4 21. Bxc5 Rc8 22. Nh6+ Kg7 23. Bxd4+ {1-0 (23) Bos Swiecik,I (2165)-Klusek,D (2150) Konin 1990}) 15. a3 a5 16. axb4 cxb4 17. Nxe7 Qxe7 18. Nd5 Bxd5 (18... Qxe4 {looks sharper.} 19. f3 Qe2 20. Rf2 Qe1+ 21. Rf1 Bd4+) 19. Qa4+ Qd7 20. exd5 Qxa4 21. Rxa4 b3 22. Bd2 Kd7 {Black wants to play ...Rhe8.} 23. Rb1 Rhe8 {[#] White must now prevent ...Re2.} 24. Kf1 Bd4 25. Bc3 Bb6 (25... Bxc3 $11 26. bxc3 Reb8) 26. Rba1 Re4 (26... Rab8 $14) 27. R1a3 Bc5 $2 (27... Bd4 $16 28. Bxd4 (28. Bxa5 Rb8 $14) (28. Rxa5 $2 Bxc3 29. Ra7+ Rxa7 $19) 28... Rxd4) 28. Rxb3 $18 Rae8 29. Rxa5 {[#] Hoping for Rb7+.} Ke7 30. Bg7 {White wants to mate with Rb7+.} Rd8 (30... Kd7 $142 31. g3 Rc8) 31. Rb7+ Rd7 32. Rxd7+ Kxd7 {[%mdl 4096] Endgame KRB-KRB} 33. b3 f6 34. g3 ({Less strong is} 34. Bxf6 Rf4 $16) 34... Rd4 {and the idea ...Rd2 leaves Black hopeful.} 35. Ra2 Ke7 36. h4 (36. Ke2 $18) 36... Rd3 (36... Rd1+ $16 37. Ke2 Rb1) 37. b4 $1 {[%cal Rb4c5]} Bxb4 (37... Bd4 $142 38. Rc2 Rb3) 38. Ra7+ Ke8 39. Bxf6 Bc5 40. Re7+ Kf8 41. Re4 h6 $2 (41... Rd2) 42. Ke2 Ra3 43. Bd4 Ra2+ 44. Kf3 Bxd4 45. Rxd4 {KR-KR} Rc2 46. Re4 Kf7 47. Re6 Rc3+ 48. Ke2 Rxc4 49. h5 gxh5 50. Rxh6 Rg4 $2 (50... Rd4 51. Rxd6 h4 52. gxh4 Rxh4) 51. Rxh5 Kg6 52. Rh4 Rg5 53. Rd4 Kf5 54. Ke3 Rg8 55. Re4 Ra8 56. Re6 Ra3+ 57. Ke2 Ra6 58. Kf3 Ra3+ 59. Kg2 Ra6 60. f3 Ra2+ 61. Kh3 Ra3 62. g4+ Kf4 63. Rf6+ Kg5 64. Rf5+ Kg6 65. Kg3 Ra2 66. Rf8 Rd2 67. f4 Rxd5 68. g5 Rd1 69. Rf6+ Kg7 70. Kg4 Rd2 71. Re6 Kf7 72. Re1 Ra2 73. Rd1 Ke7 74. Kf5 Ra8 75. Re1+ Kf7 76. g6+ {White mates.} Kg8 77. Kg5 d5 78. Rd1 Rd8 79. Rd4 Kf8 80. f5 {[%cal Bf4f5,Bf5f6,Bf6f7][%mdl 32]} Ke7 81. f6+ Ke6 82. f7 Ra8 83. Rf4 Ke7 84. g7 {Precision: White = 81%, Black = 32%.} 1-0

[Event "81st Tata Steel Tienkamp 2019"]
[Site "Wijk aan Zee"]
[Date "2019.01.19"]
[Round "2"]
[White "Brink, Barry"]
[Black "Vrolijk, Liam"]
[Result "1/2-1/2"]
[WhiteElo "2385"]
[BlackElo "2433"]
[Annotator "TA"]
[PlyCount "78"]
[EventDate "2019.01.12"]
[EventType "tourn"]
[EventCountry "NED"]
[SourceTitle "playchess.com"]
[Source "ChessBase"]
[SourceQuality "1"]

{[%evp 38,78,0,0,0,0,0,0,0,0,0,0,0,0,0,0,0,0,0,-12,0,0,0,0,0,-8,-7,-6,-10,-7,-6,-10,-11,-17,-18,-22,-8,-8,-8,-8,-8,-9,-9]} 1. d4 Nf6 2. c4 e6 3. Nf3 d5 4. Nc3 c5 5. e3 dxc4 6. Bxc4 a6 7. a4 Nc6 8. O-O Be7 9. Qe2 cxd4 10. Rd1 e5 11. exd4 exd4 12. Nxd4 Nxd4 13. Qe5 Qd6 14. Qxd4 Qxd4 15. Rxd4 Bc5 16. Rd1 {D27: Queen's Gambit Accepted: Classical main line: 7 e4!? and 7 a4} (16. Rd3 O-O 17. Be3 Bxe3 18. Rxe3 Bd7 19. Nd5 Rfe8 20. Nxf6+ gxf6 21. Rg3+ Kf8 22. Bd3 h6 23. Rf3 Kg7 24. Rf4 Rad8 25. Be4 Bxa4 26. Bxb7 Rd1+ 27. Rxd1 Bxd1 28. h4 Rb8 29. Bxa6 Rxb2 30. Kh2 Be2 {½-½ (30) Wang,Y (2690)-Lu,S (2640) China 2018}) 16... O-O 17. h3 Be6 18. Bxe6 fxe6 19. Be3 Bxe3 20. fxe3 {LiveBook: 6 Games. The position is equal.} Rfd8 21. Kf2 Kf7 22. Ke2 Ke7 23. Rxd8 Rxd8 $11 {[%mdl 4096] [#] Endgame KRN-KRN} 24. Ra3 $146 ({Predecessor:} 24. a5 Nd5 25. Rc1 Nxc3+ 26. Rxc3 Rd5 27. Rc7+ Rd7 28. Rc4 Rd5 29. Rc7+ Rd7 {½-½ (29) Libiszewski,F (2523)-Cornette,M (2545) Metz 2012}) 24... b6 25. Rb3 Rd6 26. Rb4 Rc6 27. Kd2 h6 28. Rd4 g5 29. Rb4 Nd7 30. Ne4 a5 31. Rb5 Rc4 32. Nc3 Rh4 33. Ke2 $1 Kd6 34. e4 Kc6 35. b4 axb4 36. Rxb4 Rf4 37. g3 Rf8 38. Rd4 Nc5 39. Nb5 Ra8 {Accuracy: White = 93%, Black = 82%.} 1/2-1/2

[Event "81st Tata Steel Tienkamp 2019"]
[Site "Wijk aan Zee"]
[Date "2019.01.19"]
[Round "2"]
[White "Martens, Martin"]
[Black "Beerdsen, Thomas"]
[Result "0-1"]
[WhiteElo "2382"]
[BlackElo "2484"]
[Annotator "RC"]
[PlyCount "62"]
[EventDate "2019.01.12"]
[EventType "tourn"]
[EventCountry "NED"]
[SourceTitle "playchess.com"]
[Source "ChessBase"]
[SourceQuality "1"]
[TimeControl "40/6000+30:20/3000+30:900+30"]

1. e4 c5 2. c3 Nf6 3. e5 Nd5 4. g3 d6 5. exd6 Qxd6 6. Bg2 Nc6 7. Nf3 Bf5 8. O-O Bd3 9. Re1 O-O-O 10. Na3 e5 11. b3 f6 12. Nc4 Qd7 13. Nb2 Bf5 14. Nh4 Be6 15. c4 Nc7 16. d3 g5 17. Nf3 Bh3 18. Be3 h5 19. Qe2 Bxg2 20. Kxg2 h4 21. Kg1 Ne6 22. Red1 g4 23. Ne1 Ncd4 24. Qf1 f5 25. Na4 f4 26. Bxd4 exd4 27. Rd2 f3 28. Nc2 Bh6 29. Rad1 hxg3 30. fxg3 Be3+ 31. Kh1 Rh3 0-1

[Event "81st Tata Steel Tienkamp 2019"]
[Site "Wijk aan Zee"]
[Date "2019.01.19"]
[Round "2"]
[White "Rapport, Jovana"]
[Black "Beukema, Stefan"]
[Result "1/2-1/2"]
[WhiteElo "2375"]
[BlackElo "2414"]
[Annotator "TA"]
[PlyCount "40"]
[EventDate "2019.01.12"]
[EventType "tourn"]
[EventCountry "NED"]
[SourceTitle "playchess.com"]
[Source "ChessBase"]
[SourceQuality "1"]

{[%evp 9,40,44,43,43,50,47,66,50,86,85,94,98,100,88,74,79,68,76,100,115,140,137,143,149,146,104,95,127,137,128,218,75,125]} 1. d4 f5 2. b3 Nf6 3. Bb2 g6 4. e3 (4. Nc3 Bg7 5. f3 d6 6. e3 O-O 7. Qd2 e5 8. dxe5 dxe5 9. Bc4+ Kh8 10. Qxd8 Rxd8 {1-0 (37) Jobava,B (2701)-Kobalia,M (2628) Moscow 2017}) 4... Bg7 5. h4 O-O $146 ({Predecessor:} 5... d6 6. Nc3 Be6 7. Nh3 Nbd7 8. Qd2 h6 9. O-O-O Bf7 10. f3 {½-½ (56) Rapport,J (2358)-Soham,D (2355) Belgrade 2018}) 6. Nc3 {A80: Dutch Defence: Unusual White second moves} b6 7. Qd2 Ba6 8. Nge2 {White is slightly better.} Nc6 9. O-O-O e5 10. dxe5 Nxe5 11. Nf4 Bxf1 12. Rdxf1 c6 13. h5 Qe7 14. hxg6 hxg6 15. f3 d5 16. Kb1 Rad8 17. Qf2 g5 18. Nh5 Nxh5 19. Rxh5 Rd6 (19... Rfe8 $16 {might work better.}) 20. Nd1 (20. Ne2 $18 {and the rest is easy.}) 20... Rg6 {Accuracy: White = 71%, Black = 52%.} 1/2-1/2

[Event "81st Tata Steel Tienkamp 2019"]
[Site "Wijk aan Zee"]
[Date "2019.01.20"]
[Round "3"]
[White "Beerdsen, Thomas"]
[Black "Kevlishvili, Robby"]
[Result "1/2-1/2"]
[WhiteElo "2484"]
[BlackElo "2453"]
[Annotator "ChessBase"]
[PlyCount "48"]
[EventDate "2019.01.12"]
[EventType "tourn"]
[EventCountry "NED"]
[SourceTitle "playchess.com"]
[Source "ChessBase"]
[SourceQuality "1"]
[TimeControl "40/6000+30:20/3000+30:900+30"]

1. e4 {[%emt 0:00:00]} c5 {[%emt 0:07:55]} 2. Nf3 {[%emt 0:00:00]} d6 {[%emt 0:00:05]} 3. d4 {[%emt 0:00:00]} cxd4 {[%emt 0:00:06]} 4. Nxd4 {[%emt 0:00:00]} Nf6 {[%emt 0:00:06]} 5. Nc3 {[%emt 0:00:00]} Bd7 {[%emt 0:05:29]} 6. Bc4 {[%emt 0:03:47]} Nc6 {[%emt 0:00:58]} 7. a3 {[%emt 0:01:31]} g6 {[%emt 0:01:20]} 8. h3 {[%emt 0:05:00]} Bg7 {[%emt 0:00:51]} 9. Be3 {[%emt 0:01:39]} Rc8 {[%emt 0:02:26]} 10. Ba2 {[%emt 0:09:20]} O-O {[%emt 0:03:44]} 11. Nf3 {[%emt 0:04:14]} Na5 {[%emt 0:06:36]} 12. Qd3 {[%emt 0:09:35]} b5 {[%emt 0:02:40]} 13. Nd2 {[%emt 0:14:23]} a6 {[%emt 0:05:16]} 14. O-O {[%emt 0:02:08]} Nb7 {[%emt 0:03:35]} 15. Rad1 {[%emt 0:04:44]} Nc5 {[%emt 0:01:51]} 16. Qe2 {[%emt 0:01:11]} Qc7 {[%emt 0:09:25]} 17. Rfe1 {[%emt 0:04:05]} Qb7 {[%emt 0:02:22]} 18. Bd4 {[%emt 0:13:53]} Bc6 {[%emt 0:08:34]} 19. Qe3 {[%emt 0:07:02]} Ne6 {[%emt 0:07:52]} 20. Nb3 {[%emt 0:03:44]} Nxd4 {[%emt 0:03:16]} 21. Nxd4 {[%emt 0:01:03]} Bd7 {[%emt 0:02:44]} 22. Nf3 {[%emt 0:01:54]} Bc6 {[%emt 0:08:54]} 23. Nd4 {[%emt 0:00:08]} Bd7 {[%emt 0:06:32]} 24. Nf3 {[%emt 0:00:08]} Bc6 {[%emt 0:00:23]} 1/2-1/2

[Event "81st Tata Steel Tienkamp 2019"]
[Site "Wijk aan Zee"]
[Date "2019.01.20"]
[Round "3"]
[White "Vrolijk, Liam"]
[Black "Martens, Martin"]
[Result "1-0"]
[WhiteElo "2433"]
[BlackElo "2382"]
[Annotator "ChessBase"]
[PlyCount "83"]
[EventDate "2019.01.12"]
[EventType "tourn"]
[EventCountry "NED"]
[SourceTitle "playchess.com"]
[Source "ChessBase"]
[SourceQuality "1"]
[TimeControl "40/6000+30:20/3000+30:900+30"]

1. e4 {[%emt 0:00:00]} c5 {[%emt 0:00:00]} 2. Nf3 {[%emt 0:00:00]} g6 {[%emt 0:00:05]} 3. d4 {[%emt 0:00:00]} cxd4 {[%emt 0:00:09]} 4. Nxd4 {[%emt 0:00:08]} Bg7 {[%emt 0:00:34]} 5. c4 {[%emt 0:00:16]} Nc6 {[%emt 0:00:20]} 6. Be3 {[%emt 0:00:13]} Nf6 {[%emt 0:00:15]} 7. Nc3 {[%emt 0:00:11]} Ng4 {[%emt 0:00:15]} 8. Qxg4 {[%emt 0:00:09]} Nxd4 {[%emt 0:00:08]} 9. Qd1 {[%emt 0:00:09]} e5 {[%emt 0:00:10]} 10. Bd3 {[%emt 0:00:34]} d6 {[%emt 0:00:14]} 11. O-O {[%emt 0:01:34]} O-O {[%emt 0:00:11]} 12. Qd2 {[%emt 0:03:04]} Be6 {[%emt 0:02:04]} 13. Rac1 {[%emt 0:03:36]} Rc8 {[%emt 0:04:59]} 14. b3 {[%emt 0:01:47]} a6 {[%emt 0:11:48]} 15. Ne2 {[%emt 0:14:28]} Nxe2+ {[%emt 0:10:27]} 16. Bxe2 {[%emt 0:01:32]} Qe7 {[%emt 0:07:51]} 17. Rfd1 {[%emt 0:09:33]} Rfd8 {[%emt 0:03:32]} 18. a4 {[%emt 0:07:45]} Rd7 {[%emt 0:06:21]} 19. Rc3 {[%emt 0:07:09]} f5 {[%emt 0:14:08]} 20. f3 {[%emt 0:03:56]} Bf8 {[%emt 0:03:25]} 21. Rd3 {[%emt 0:13:33]} Rdc7 {[%emt 0:02:35]} 22. Bb6 {[%emt 0:09:24]} Rc6 {[%emt 0:01:00]} 23. a5 {[%emt 0:00:10]} Qh4 {[%emt 0:05:16]} 24. Bf2 {[%emt 0:02:25]} Qf6 {[%emt 0:00:39]} 25. Rc3 {[%emt 0:01:34]} f4 {[%emt 0:02:50]} 26. Rdc1 {[%emt 0:04:19]} Qf7 {[%emt 0:03:30]} 27. Qd3 {[%emt 0:03:11]} R6c7 {[%emt 0:08:14]} 28. b4 {[%emt 0:02:16]} g5 {[%emt 0:00:15]} 29. b5 {[%emt 0:03:31]} h5 {[%emt 0:01:22]} 30. Bb6 {[%emt 0:04:19]} Rd7 {[%emt 0:00:59]} 31. bxa6 {[%emt 0:00:22]} bxa6 {[%emt 0:00:08]} 32. c5 {[%emt 0:00:18]} dxc5 {[%emt 0:01:49]} 33. Qxa6 {[%emt 0:00:07]} Rd2 {[%emt 0:07:12]} 34. Bc4 {[%emt 0:04:13]} Rc6 {[%emt 0:01:59]} 35. Qb5 {[%emt 0:02:29]} Rcd6 {[%emt 0:07:55]} 36. Bf1 {[%emt 0:00:55]} g4 {[%emt 0:03:22]} 37. Bxc5 {[%emt 0:01:06]} gxf3 {[%emt 0:00:28]} 38. Rxf3 {[%emt 0:01:10]} Qc7 {[%emt 0:01:49]} 39. Bxd6 {[%emt 0:02:09]} Qxd6 {[%emt 0:00:27]} 40. Rd3 {[%emt 0:00:47]} Rxd3 {[%emt 0:00:28]} 41. Qxd3 {[%emt 0:50:18]} Qb4 {[%emt 0:11:08]} 42. Qc3 {[%emt 0:00:00]} 1-0